Football : numéros des joueurs de l'équipe de France à l'euro 2024 - Statistiques

Statistiques générales
  • Ce quiz a été pris 266 fois
  • Le résultat moyen est 19 sur 25
Statistiques - réponses
Joueur Numéro % Correct
Mbappé 10
97%
Dembélé 11
95%
Griezmann 7
94%
Giroud 9
93%
Pavard 2
92%
Kolo Muani 12
84%
Maignan 16
84%
Hernandez 22
84%
Upamecano 4
82%
Barcola 25
80%
Tchouaméni 8
78%
Samba 1
76%
Camavinga 6
76%
Fofana 19
75%
Koundé 5
75%
Kanté 13
74%
Rabiot 14
74%
Mendy 3
71%
Coman 20
70%
Zaïre-Emery 18
68%
Saliba 17
66%
Thuram 15
64%
Konaté 24
63%
Clauss 21
59%
Areola 23
59%
Aucun quiz correspondant
Distribution des résultats
% des personnes avec chaque résultat
Percentile par nombre de réponses
Votre historique - résultats
Vous n’avez pas pris ce quiz